00550nam a2200133 a 450000100100000000500170001000800410002704000250006808200160009311000560010924501230016526000980028830000300038600002835120200930031550.0110408s1998 dr c r 000 0 spa d aDO-SdBNPbspacBNPHU axxxxbR426d1 aRepública Dominicana.bUniversidad Interamericana10aDiscursos :bIX ceremonia solemne de graduación del doctorado honoris causa a monseñor Agripino Núñez Collado. aSanto Domingo :bUniversidad Interamericana,bDepartamento de Cultura y Publicaciones,c1998. a39 p. :bretrs. ;c21 cm.